| 000 | 00510nam a22001697a 4500 | ||
|---|---|---|---|
| 003 | 0 | ||
| 005 | 20231128095106.0 | ||
| 008 | 231128b xxu||||| |||| 00| 0 eng d | ||
| 020 | _a978-0-7460-6194-7 | ||
| 050 |
_aTR _b.Tra158 2019 |
||
| 100 | _aAmery, Heather | ||
| 245 |
_aTractor in trouble _cHeather Amery |
||
| 260 |
_aLondon _bUsborne Publishing, Inc. _cc2019. |
||
| 300 |
_aunnumbered pages : _bcolored illustrations ; _c22 cm. |
||
| 650 | _aChildren's stories--study and teaching. | ||
| 942 |
_2ddc _cBK |
||
| 999 |
_c365677 _d365677 |
||